|
|
|
|
| LEADER |
00000cam a2200000 7i4500 |
| 001 |
0000002898 |
| 002 |
000003135 |
| 005 |
20000330.0 |
| 020 |
|
|
|a 0195826019
|
| 090 |
0 |
0 |
|a 523.7209595
|b CHU
|
| 100 |
1 |
|
|a Chuah, Donald G.S
|
| 245 |
1 |
0 |
|a Solar radiotion in Malaysia :
|b A study on availabiliyt and distribution of solar energy in Malaysia
|c Donald G.S Chuah and S.L.Lee
|
| 260 |
|
|
|a Singapore :
|b Oxford University Press ,
|c 1987
|
| 300 |
|
|
|a 122p. :
|b ill ;
|c 22cm.
|
| 650 |
0 |
0 |
|a Solar radioation
|z Malaysia
|
| 700 |
1 |
|
|a Lee, S.L
|
| 999 |
|
|
|a 036465
|b BUKU
|c PINJAMAN
|e PERPUSTAKAAN KOMUNITI PETALING JAYA
|
| 999 |
|
|
|a 038180
|b BUKU
|c PINJAMAN
|e PERPUSTAKAAN KOMUNITI PETALING JAYA
|